000 00219nam a22000857a 4500
008 160924b xxu||||| |||| 00| 0 eng d
100 _9737
_aSri.K.
245 _aEnglish Grammar
260 _aNew Delhi
_bJ.B.I. Publications
_c2011
999 _c3394
_d3394